000
00322nam a22001337a 4500
008
170525b xxu||||| |||| 00| 0 eng d
020
_a
9780816047017
041
_a
eng
080
_a
007.52
100
_a
26
101
_a
IM
245
_a
ROBOTICS INTELLEGENTE MACHINES FOR NEW CENTURY
_c
THRO.E
942
_2
udc
_c
BK
999
_c
14285
_d
14285